Detalles MARC
| 000 -CABECERA |
| campo de control de longitud fija |
01347nam a2200313 a 4500 |
| 001 - NÚMERO DE CONTROL |
| campo de control |
000024882 |
| 005 - FECHA Y HORA DE LA ÚLTIMA TRANSACCIÓN |
| campo de control |
20200930023428.0 |
| 008 - DATOS DE LONGITUD FIJA--INFORMACIÓN GENERAL |
| campo de control de longitud fija |
100712s1970 ve 000 | spa d |
| 040 ## - FUENTE DE LA CATALOGACIÓN |
| Centro catalogador/agencia de origen |
DO-SdBNP |
| Lengua de catalogación |
spa |
| Centro/agencia transcriptor |
BNPHU |
| 082 ## - NÚMERO DE LA CLASIFICACIÓN DECIMAL DEWEY |
| Número de clasificación |
891.73 |
| Número de documento/Ítem |
G748i |
| 049 ## - FONDOS LOCALES (OCLC) |
| Fondos de biblioteca |
BNGR |
| 245 03 - MENCIÓN DE TÍTULO |
| Título |
El gran inquisidor : |
| Resto del título |
figura capital de nuestro tiempo / |
| Mención de responsabilidad, etc. |
Fyodor Dostoyevsky; ... [et al.] ; traducción Federico Gorbea. |
| 260 ## - PUBLICACIÓN, DISTRIBUCIÓN, ETC. |
| Lugar de publicación, distribución, etc. |
Caracas, (Venezuela) : |
| Nombre del editor, distribuidor, etc. |
Monte Avila Editores, |
| Fecha de publicación, distribución, etc. |
1970. |
| 300 ## - DESCRIPCIÓN FÍSICA |
| Extensión |
158 p. ; |
| Dimensiones |
20 cm. |
| 490 1# - MENCIÓN DE SERIE |
| Mención de serie |
Estudios |
| 500 ## - NOTA GENERAL |
| Nota general |
Incluye nota de los editores |
| 505 0# - NOTA DE CONTENIDO CON FORMATO |
| Título |
Nota de los editores |
| -- |
La leyenda del gran inquisiodor / |
| Mención de responsabilidad |
Fiodor Dostoievski |
| Título |
Dostoievski en su tiempo / |
| Mención de responsabilidad |
Charles Corbet, |
| Título |
Las imágenes modeladoras del gran inquisidor / |
| Mención de responsabilidad |
Dominique Arban |
| Título |
El amor y el orden / |
| Mención de responsabilidad |
Jacques Ellul |
| Título |
La pasión de la noche y la ley del día / |
| Mención de responsabilidad |
Jean Brun |
| Título |
El rechazo de Dios en la obra de Dostoievski / |
| Mención de responsabilidad |
Gastón Maire |
| 500 ## - NOTA GENERAL |
| Nota general |
Incluye referencias bibliográficas |
| 650 #4 - PUNTO DE ACCESO ADICIONAL DE MATERIA--TÉRMINO DE MATERIA |
| Término de materia o nombre geográfico como elemento de entrada |
Novela rusa |
| 9 (RLIN) |
4742 |
| 650 #4 - PUNTO DE ACCESO ADICIONAL DE MATERIA--TÉRMINO DE MATERIA |
| Término de materia o nombre geográfico como elemento de entrada |
Literatura rusa |
| 9 (RLIN) |
4743 |
| 700 1# - PUNTO DE ACCESO ADICIONAL--NOMBRE DE PERSONA |
| Nombre de persona |
Dostoyevsky, Fyodor |
| 9 (RLIN) |
51065 |
| 700 1# - PUNTO DE ACCESO ADICIONAL--NOMBRE DE PERSONA |
| Nombre de persona |
Corbet, Charles |
| 9 (RLIN) |
51066 |
| 700 1# - PUNTO DE ACCESO ADICIONAL--NOMBRE DE PERSONA |
| Nombre de persona |
Arban, Dominique |
| 9 (RLIN) |
51067 |
| 700 1# - PUNTO DE ACCESO ADICIONAL--NOMBRE DE PERSONA |
| Nombre de persona |
Ellul, Jacques |
| 9 (RLIN) |
51068 |
| 700 1# - PUNTO DE ACCESO ADICIONAL--NOMBRE DE PERSONA |
| Nombre de persona |
Brun, Jean |
| 9 (RLIN) |
51069 |
| 700 1# - PUNTO DE ACCESO ADICIONAL--NOMBRE DE PERSONA |
| Nombre de persona |
Maire, Gastón |
| 9 (RLIN) |
51070 |
| 700 1# - PUNTO DE ACCESO ADICIONAL--NOMBRE DE PERSONA |
| Nombre de persona |
Gorbea, Federico |
| Término indicativo de función/relación |
tr. |
| 9 (RLIN) |
51071 |
| 830 #0 - PUNTO DE ACCESO ADICIONAL DE SERIE-TÍTULO UNIFORME |
| Título uniforme |
Estudios |
| 9 (RLIN) |
3854 |